Movies Quiz

Random Movies or Letter Quiz

4-Letter Movie Images (A-Z) Quiz Stats

 Plays Quiz Updated Dec 16, 2018

Support Sporcle.
Go Orange.
Score 0/24 Timer 05:00
0 Plays Today
% Correct
Hulk
98.3%
Antz
95.9%
Babe
95.7%
Jaws
94.4%
X-Men
87.8%
Tron
69.2%
Salt
65.6%
Rudy
56.5%
Wolf
54.1%
Paul
53%
Clue
49.9%
Fame
45.5%
% Correct
Mask
44%
Dr. No
42.5%
K-Pax
34.8%
2012
31.5%
Nell
30.2%
EDtv
27.5%
Life
26.1%
Gigi
23.8%
I Spy
23.4%
Zulu
23.1%
U-571
20.8%
Once
14.7%

From the Vault

Seven Ways to Reach First Base

by GeoExpert

Sports 2m
These are all theoretical to us, since we never actually made it to first base when we played ball.
Remove Ads.
Support Sporcle.
Get the best of Sporcle when you Go Orange. This ad-free experience offers more features, more stats, and more fun while also helping to support Sporcle. Thank you for becoming a member.

Show Comments

Extras

Top Quizzes Today


Score Distribution

Your Account Isn't Verified!

In order to create a playlist on Sporcle, you need to verify the email address you used during registration. Go to your Sporcle Settings to finish the process.

Report this User

Report this user for behavior that violates our Community Guidelines.

Details: